000 00776nam a22002657a 4500
001 BR7406796
003 BR-BrBNA
005 20230928084659.0
007 ta
008 230509b bl.||||| |||| 00| 0 por d
040 _aBR-BrBNA
_bpor
_cBiblioteca Nacional de Agricultura
041 _a(Por)
072 _aE14
_b5212
_b/G514
090 _ 5212 BR7406796
110 1 _aConselho Nacional de Desenvolvimento da Pecuaria, Rio de Janeiro, GB (Brasil)
_92674
245 1 _aPecuaria bovina. Bases para um programa de desenvolvimento
260 3 _aRio de Janeiro, GB (Brasil):
_c1974.
300 _a167 p.
500 _a50 tables
650 _aPROJETO DE DESENVOLVIMENTO
650 _aPECUARIA
650 _aBOVINO
909 _a202309
_bLucia
_c55
_dLucia Elande
942 _cBK
999 _c20446
_d20446